[Event "Mediterranean-ch 13th"]
[Site "Platja d'Aro"]
[Date "2023.11.10"]
[Round "8"]
[White "Vidal Traves, Marti"]
[Black "Hernando Rodrigo, Inmaculada"]
[Result "0-1"]
[WhiteElo "1631"]
[BlackElo "1730"]
[PlyCount "144"]
[EventDate "2023.11.04"]
[EventType "swiss"]
[EventRounds "9"]
[EventCountry "ESP"]
[SourceTitle "CB46_2023"]
[SourceDate "2023.11.15"]
[SourceVersion "1"]
[SourceVersionDate "2023.11.15"]
[SourceQuality "1"]

1. d4 Nf6 2. c4 e6 3. Nf3 Be7 4. g3 d5 5. Bg2 0-0 6. 0-0 c6 7. Qc2 Nbd7 8. Nbd2 b6 9. e4 dxe4 10. Nxe4 Nxe4 11. Qxe4 Bb7 12. Ne5 Nxe5 13. dxe5 Rb8 14. Qg4 Kh8 15. Be3 Qc7 16. Rad1 c5 17. Bxb7 Qxb7 18. Rd3 Rbd8 19. Rfd1 Qc7 20. Qe4 h6 21. b3 Rxd3 22. Rxd3 Rd8 23. Rxd8+ Bxd8 24. Kf1 Qd7 25. Ke2 Be7 26. Qd3 Qc7 27. Qe4 a5 28. Kd2 Qd7+ 29. Kc2 g5 30. g4 Kg7 31. Bd2 a4 32. Qd3 Qa7 33. bxa4 Qxa4+ 34. Qb3 Qc6 35. Qb5 Qe4+ 36. Kb3 Qb1+ 37. Kc3 Qxa2 38. Qxb6 Qa8 39. Be3 Qa1+ 40. Kd3 Qxe5 41. Qb7 Qd6+ 42. Ke2 Bf6 43. h3 Bd4 44. Qe4 Bxe3 45. Qxe3 Qd4 46. Qxd4+ cxd4 47. Kd3 e5 48. f3 Kf6 49. c5 Ke6 50. Kc4 Kd7 51. Kb4 Kc6 52. Kc4 Kb7 53. Kb4 Ka6 54. Ka4 d3 55. Kb3 d2 56. Kc2 Kb5 57. Kxd2 Kxc5 58. Ke3 Kd5 59. Kd3 Ke6 60. Ke3 f5 61. Kd3 f4 62. Ke4 Kd6 63. Kf5 Kd5 64. Kg6 e4 65. Kxh6 exf3 66. Kxg5 Ke4 67. h4 f2 68. h5 f1Q 69. Kg6 Qa6+ 70. Kg7 Qb7+ 71. Kg6 Qc6+ 72. Kg7 Qd7+ 0-1

[Event "Mediterranean-ch 13th"]
[Site "Platja d'Aro"]
[Date "2023.11.05"]
[Round "3"]
[White "Vidal Traves, Marti"]
[Black "Diaz Comas, Jordi"]
[Result "0-1"]
[WhiteElo "1631"]
[BlackElo "1834"]
[PlyCount "94"]
[EventDate "2023.11.04"]
[EventType "swiss"]
[EventRounds "9"]
[EventCountry "ESP"]
[SourceTitle "CB46_2023"]
[SourceDate "2023.11.15"]
[SourceVersion "1"]
[SourceVersionDate "2023.11.15"]
[SourceQuality "1"]

1. d4 Nf6 2. c4 c5 3. d5 b5 4. cxb5 a6 5. bxa6 g6 6. g3 Bg7 7. Bg2 d6 8. Nc3 Bxa6 9. Nf3 Nbd7 10. 0-0 0-0 11. Qc2 Qc7 12. Rd1 Rfb8 13. Rb1 Ng4 14. h3 Nge5 15. Nxe5 Nxe5 16. b3 Ra7 17. Kh2 Rab7 18. a3 h6 19. f4 Nd7 20. e4 Qa5 21. Na4 Bb5 22. Bd2 Qa7 23. Nc3 Ba6 24. Na2 Be2 25. Re1 Qa6 26. Nc1 Bb5 27. Qa2 Bc4 28. Re3 Bd4 29. Rf3 Nf6 30. Bc3 Nxe4 31. Bxd4 cxd4 32. Qc2 Bxd5 33. Rd3 Qa7 34. Qb2 e5 35. b4 Nc3 36. Bxd5 Nxd5 37. Ne2 Ne3 38. Qb3 Qa6 39. fxe5 dxe5 40. g4 Qc6 41. Rxe3 dxe3 42. Qxe3 Kh7 43. Qxe5 Re8 44. Qb2 Rbe7 45. Ng1 Qc4 46. Qb3 Qf4+ 47. Qg3 Re2+ 0-1